"Rodina v súčasnom svete"

Bibliographic Details
Main Author: Csontos, Ladislav, 1952- (Author)
Format: Article
Language:Slovak
Subjects:

MARC

LEADER 00000nab a2200000Ia 4500
001 vtls010672866
003 SK-MaSNL
005 20260304185235.0
008 250708|2010 xo |||||||||||||||||slo|
035 |a (urnnbn)urn:nbn:sk:snk:ar-a06gzm 
035 |a (uuid)b7b7e230-0635-4020-9bb7-39b44c07c9e1 
035 |a urn:nbn:sk:snk-ab18wn 
040 |a SNKBUCL  |b slo  |c SNKBUCL  |e AACR2 
041 0 |a slo 
044 |a xo  |c SK 
080 |a 272-184.3  |2 2001 
080 |a 2-46  |2 2001 
080 |a 173.1  |2 2001 
100 1 |a Csontos, Ladislav,  |d 1952-  |4 aut  |9 93641 
245 1 0 |a "Rodina v súčasnom svete"  |c Ladislav Csontos 
611 2 7 |a Rodina v súčasnom svete  |g konferencia  |d (2009 :  |c Trnava, Slovensko)  |2 snk  |9 1519605 
650 0 7 |a katolícka viera  |2 SNKPH  |9 4023 
650 0 7 |a rodina  |2 SNKPH  |9 4138 
650 0 7 |a pastorálna teológia  |2 SNKPH  |9 1811 
650 0 7 |a manželstvo  |2 SNKPH  |9 659 
650 0 7 |a sviatosť manželstva  |2 SNKPH  |9 826 
650 0 7 |a komunitný život  |2 SNK  |9 1331852 
655 7 |a konferencie  |2 SNKPH  |9 285359 
773 0 |t Studia Aloisiana : vedecké štúdie, recenzie, odborné preklady, správy o vedeckých podujatiach, kresťanská filozofia, náuka o rodine, formácia spoločenstiev, katolícka teológia  |g Roč. 1, č. 1 (2010), s. 93-95 
850 |a Slovenská národná knižnica 
852 |a Slovenská národná knižnica 
954 |a odborná, vedecká literatúra pôvodná (slovenská)  |2 lita 
958 |a article 
958 |a OND 
958 |a EUIPO 
999 |c 3042003  |d 3043933